000 00784nam a2200253Ia 4500
003 OSt
005 20220925225402.0
006 a|||||r|||| 00| 0
007 ta
008 220923b |||||||| |||| 00| 0 eng d
020 _a9780761969914
_c2755.70
037 _b109974, 10/03/2017, International Book Distrobutors
_cGeneral Book
040 _aRTL
_cRTL
_beng
041 _2eng
_aeng
082 _aU8, P4
100 _aSHAW Gareth
_9278563
245 0 _aTourism and tourism sapces
260 _aLondon
_bSage
_c2004
300 _axiv,307p.
_ccm.
650 _aGeography
700 _a WILLIAMS Allan M
_9283012
942 _hU8, P4
_cGB
_2CC
999 _c583459
_d583459